| 000 | 00438nam a2200169 4500 | ||
|---|---|---|---|
| 003 | SEACOMEC | ||
| 005 | 20240416155740.0 | ||
| 008 | 231006b |||||||| |||| 00| 0 eng d | ||
| 040 | _aSEACOMEC | ||
| 082 |
_a005.1 _bL987 |
||
| 100 | 1 | _aLynch, Nancy A. | |
| 245 | 1 |
_aDistributed Algorithms _cNancy A. Lynch |
|
| 260 |
_aNew Delhi _bElsevier _c2005 |
||
| 650 | _aComputer programming, programs, data | ||
| 650 | _aProgramming | ||
| 942 | _cBOOK | ||
| 999 |
_c166 _d166 |
||